| 000 | 00899nam0a2200289 4500 | ||
|---|---|---|---|
| 001 | RU\NLR\bibl\557152 | ||
| 005 | 20250609161933.0 | ||
| 010 |
_a5-88503-226-2 _916000 |
||
| 021 |
_aRU _b2004-50384 _92480 |
||
| 035 | _a(NLR Aleph) 000549290 | ||
| 090 |
_a1462211 _c1462211 |
||
| 100 | _a20040930d2004 |||y0rusy50 ca | ||
| 101 | 0 | _arus | |
| 102 | _aRU | ||
| 105 | _aa ||||||||| | ||
| 200 | 1 |
_aФормула жизни, а не выживания _e[Сб. материалов] |
|
| 210 |
_aМ. _aСПб. _cДИЛЯ _d2004 |
||
| 215 |
_a127 с. _cил. _d24 |
||
| 225 | 1 |
_aЗвенящие кедры России _eАльм. _vВып. 2(6) |
|
| 600 | 0 |
_aАнастасия _jСборники _92078895 _3RU\NLR\auth\661254762 |
|
| 686 | _aЮ96я43 | ||
| 801 | 0 |
_aRU _bNLR _c20040930 _gPSBO |
|
| 801 | 1 |
_aRU _bNLR _c20040930 |
|
| 852 |
_aNLR _jП13/1902 |
||
| 942 | _cBOOK | ||
| 980 | _aNB | ||